| 000 | 00361 a2200169 4500 | ||
|---|---|---|---|
| 001 | 182751 | ||
| 020 | _a85-209-0468-8 | ||
| 040 | _cMagnum | ||
| 100 | _aMachado, Ana Maria | ||
| 240 | 1 | 0 |
_aAos quatro ventos _lpor |
| 245 | 1 | 0 | _aAos quatro ventos |
| 300 | _a165 | ||
| 362 | 0 | _a1993 | |
| 440 | 1 | _aNova Fronteira | |
| 697 | _aLITERATURA GERAL | ||
| 942 | _cBK | ||
| 999 |
_c182751 _d182751 |
||